1482 1669 1150 1750 1669 1095 1093 1112 1085 1938 1493 1621 1143 1773 1377 1275 1135 1107 1427 1912 1441 1156 1942 1297 1772 1061 1823 1342 1860 1387 1996 1096 1607 1415 1060 1130 1334 1035 1556 1303 1567 1593 1046 1355 1049 1143 1404 1175 1444 1044 1917 1006 1462 1527 1374 1345 1194 1331 1873 1147 1428 1967 1532 1844 1732 1481 1063 1900 1530 1543 1256 1846 1827 1691 1864 1621 1129 1124 1729 1637 1856 1109 1605 1444 1435 1039 1876 1140 1062 1401 1669 1218 1609 1459 1310 1798 1212 1085 1916 BCNSPRNW ULIB Ver.6.0+V

เปลี่ยนเป็นภาษาไทย

Change to English
 แสดงรายละเอียดบรรณานุกรม
  กลับหน้าหลัก

Brief Record : Get Marc (ISO 2709) : E-mail record : QR code < ปิดหน้าต่าง
LEADER : 00000nam 2200000uu 4500
001    13399124077
003     ULIB
008    150112s2554||||th 000 0 tha d
020    ^a9789741115365
060  4 ^aWA950^bว543ต
100 0  ^aวิชัย เอกพลากร.
245 10 ^aตำราชีวสถิติพื้นฐาน /^cวิชัย เอกพลากร.
250    ^aพิมพ์ครั้งที่ 1.
260    ^aกรุงเทพฯ :^bโครงการตำรารามาธิบดี คณะแพทยศาสตร์โรงพยาบาลรามาธิบดี มหาวิทยาลัยมหิดล,^c2554.
300    ^av, 174 หน้า :^bภาพประกอบ ;^c23 ซม.
650  7 ^aชีวสถิติ
650  7 ^aสถิติ
710 2  ^aมหาวิทยาลัยมหิดล.^bคณะแพทยศาสตร์โรงพยาบาลรามาธิบดี.^bโครงการตำรารามาธิบดี.
945    ^p220^l0^i038117
945    ^p220^l0^i038118
945    ^p220^l0^i038119
945    ^p220^l0^i038120
945    ^p220^l0^i038121
945    ^p220^l0^i038122
945    ^p220^l0^i038123
999    ^aเกษร โพธิ์สุวรรณ
รายการนี้ยังไม่มีแท็ก
คุณยังไม่ได้ล็อกอิน คุณสามารถมีกิจกรรมร่วมกับเว็บไซต์ได้ แต่ต้องล็อกอินก่อน ::
  ล็อกอิน

รายการสื่อสารสนเทศ

ลำดับที่ ประเภท เลขเรียก/บาร์โค้ด สถานที่ สถานะ
1. วิทยาศาสตร์การแพทย์ และสุขภาพ
หนังสือสำรอง
สถานะ=หนังสือสำรอง
WA950 ว543ต ฉ.1 
  Barcode: 038117
ห้องสมุดวิทยาเขตสวรรค์ประชารักษ์
►ส่วนจัดเก็บหนังสือเก่า สปร
บนชั้น
  ขอยืม
2. วิทยาศาสตร์การแพทย์ และสุขภาพ
วิทยาศาสตร์การแพทย์ และสุขภาพ
WA950 ว543ต ฉ.2 
  Barcode: 038118
ห้องสมุดวิทยาเขตสวรรค์ประชารักษ์
►ส่วนจัดเก็บหนังสือเก่า สปร
บนชั้น
  ขอยืม
3. วิทยาศาสตร์การแพทย์ และสุขภาพ
วิทยาศาสตร์การแพทย์ และสุขภาพ
WA950 ว543ต ฉ.3 
  Barcode: 038119
ห้องสมุดวิทยาเขตสวรรค์ประชารักษ์
►ส่วนจัดเก็บหนังสือเก่า สปร
บนชั้น
  ขอยืม
4. วิทยาศาสตร์การแพทย์ และสุขภาพ
วิทยาศาสตร์การแพทย์ และสุขภาพ
WA950 ว543ต ฉ.4 
  Barcode: 038120
ห้องสมุดวิทยาเขตสวรรค์ประชารักษ์
►ส่วนจัดเก็บหนังสือเก่า สปร
บนชั้น
  ขอยืม
5. วิทยาศาสตร์การแพทย์ และสุขภาพ
วิทยาศาสตร์การแพทย์ และสุขภาพ
WA950 ว543ต ฉ.5 
  Barcode: 038121
ห้องสมุดวิทยาเขตสวรรค์ประชารักษ์
►ส่วนจัดเก็บหนังสือเก่า สปร
บนชั้น
  ขอยืม
6. วิทยาศาสตร์การแพทย์ และสุขภาพ
วิทยาศาสตร์การแพทย์ และสุขภาพ
WA950 ว543ต ฉ.6 
  Barcode: 038122
ห้องสมุดวิทยาเขตสวรรค์ประชารักษ์
►ส่วนจัดเก็บหนังสือเก่า สปร
ถูกยืม กำหนดส่งวันที่ 1 มกราคม 2569
  จอง
7. วิทยาศาสตร์การแพทย์ และสุขภาพ
วิทยาศาสตร์การแพทย์ และสุขภาพ
WA950 ว543ต ฉ.7 
  Barcode: 038123
ห้องสมุดวิทยาเขตสวรรค์ประชารักษ์
►ส่วนจัดเก็บหนังสือเก่า สปร
บนชั้น
  ขอยืม

รายการใกล้เคียง
    ผู้แต่ง [วิชัย เอกพลากร.]

    หัวเรื่อง [ชีวสถิติ]
    หัวเรื่อง [สถิติ]

BibComment


ยังไม่เคยถูกคอมเมนท์

คอมเมนท์ทรัพยากรรายการนี้
  คอมเมนท์: ตำราชีวสถิติพื้น..


 Copyright 2026. Bcnsprnw @Library